Song Title Antonyms - Statistics

General Stats
  • This quiz has been taken 48 times
  • The average score is 6 of 15
Answer Stats
Hint Answer % Correct
Hard and Dry Soft and Wet
91%
Death on Venus? Life on Mars?
77%
Villains Heroes
74%
A Cow with a name A Horse with no name
51%
Queen something King nothing
49%
Tuesday I am hateful Friday I'm in love
42%
Moonlight of your hate Sunshine of your love
40%
Small Mama Big poppa
37%
Chick (Looks like a man) Dude (Looks like a lady)
35%
Forkgirl Spoonman
30%
The woman who bought the moon The man who sold the world
28%
Difficult foe Easy Lover
14%
Slow queen Speed King
7%
Release the monochrome Catch the Rainbow
2%
Rural civilian Urban Guerilla
0%
No matching quizzes found
Score Distribution
Percent of People with Each Score
Percentile by Number Answered
Your Score History
You have not taken this quiz